Ensayo histórico-político del reino de la Nueva Galicia con notas políticas y estadísticas de la provincia de Guadalaxara /

Salvato in:
Dettagli Bibliografici
Autore principale: Gutiérrez y Ulloa, Antonio (autor)
Altri autori: López, Juan (paleografía, versión e introducción) (paleografía, versión e introducción)
Natura: Libro
Lingua:spagnolo
Pubblicazione: Guadalajara, México : Ayuntamiento de Guadalajara : Instituto Cultural Cabañas, 1983
Tags: Aggiungi Tag
Nessun Tag, puoi essere il primo ad aggiungerne!!

MARC

LEADER 00000nam^a2200000^a^4500
001 000584779
005 20250526000000.0
009 20260310132716.817
037 |a Acervo ITESO - Biblioteca 
041 |a ESP 
091 |a FCO. 00969 
100 |a Gutiérrez y Ulloa, Antonio  |e (autor) 
245 1 0 |a Ensayo histórico-político del reino de la Nueva Galicia con notas políticas y estadísticas de la provincia de Guadalaxara / 
264 1 |a Guadalajara, México :  |b Ayuntamiento de Guadalajara :  |b Instituto Cultural Cabañas,  |c 1983 
300 |a 197 p. ;  |c 21.5 cm. 
336 |a texto  |b txt  |2 rdacontenido 
337 |a sin mediación  |b n  |2 rdamedio 
338 |a volumen  |b nc  |2 rdasoporte 
649 |a XX 
700 |a López, Juan  |e (paleografía, versión e introducción) 
910 |a Fondo Erich Coufal Kieswetter 
920 |a Impresos - Libros 
930 |a Libros Antiguos y Raros 
905 |a 142 
901 |a 0500407839  |b IT2  |c LRA  |i D  |u 20250526 
902 |a https://opac.biblio.iteso.mx/vufind/Record/000584779